The church of England / (Record no. 123716)
[ view plain ]
| 000 -LEADER | |
|---|---|
| fixed length control field | 00863nam a2200301 a 4500 |
| 001 - CONTROL NUMBER | |
| control field | vtls000118706 |
| 003 - CONTROL NUMBER IDENTIFIER | |
| control field | NLI |
| 005 - DATE AND TIME OF LATEST TRANSACTION | |
| control field | 20210601204500.0 |
| 008 - FIXED-LENGTH DATA ELEMENTS--GENERAL INFORMATION | |
| fixed length control field | 101125s1912 enk 001 0 eng |
| 039 #9 - LEVEL OF BIBLIOGRAPHIC CONTROL AND CODING DETAIL [OBSOLETE] | |
| -- | 201011251308 |
| -- | VLOAD |
| 040 ## - CATALOGING SOURCE | |
| Original cataloging agency | NLI |
| Language of cataloging | eng |
| Transcribing agency | DataSoft |
| Description conventions | AACR2 |
| 041 0# - LANGUAGE CODE | |
| Language code of text/sound track or separate title | eng |
| 044 ## - COUNTRY OF PUBLISHING/PRODUCING ENTITY CODE | |
| MARC country code | enk |
| 082 04 - DEWEY DECIMAL CLASSIFICATION NUMBER | |
| Classification number | 238 |
| 100 1# - MAIN ENTRY--PERSONAL NAME | |
| Personal name | Masterman, J. Howard B. |
| 9 (RLIN) | 244810 |
| 245 14 - TITLE STATEMENT | |
| Title | The church of England / |
| Statement of responsibility, etc. | by the J. Howard B. Masterman |
| 260 ## - PUBLICATION, DISTRIBUTION, ETC. | |
| Place of publication, distribution, etc. | London : |
| Name of publisher, distributor, etc. | T. C. and E. C. Jack, |
| Date of publication, distribution, etc. | 1912 |
| 300 ## - PHYSICAL DESCRIPTION | |
| Extent | 198 p. ; |
| Dimensions | 16 cm. |
| 500 ## - GENERAL NOTE | |
| General note | Includes index |
| 650 #0 - SUBJECT ADDED ENTRY--TOPICAL TERM | |
| Topical term or geographic name entry element | Christianity |
| Geographic subdivision | England |
| 9 (RLIN) | 244811 |
| 650 #0 - SUBJECT ADDED ENTRY--TOPICAL TERM | |
| Topical term or geographic name entry element | Church of England |
| 9 (RLIN) | 232797 |
| 651 #0 - SUBJECT ADDED ENTRY--GEOGRAPHIC NAME | |
| Geographic name | England |
| General subdivision | Church history |
| 9 (RLIN) | 212188 |
| 887 ## - NON-MARC INFORMATION FIELD | |
| Content of non-MARC field | |
| 901 ## - LOCAL DATA ELEMENT A, LDA (RLIN) | |
| a | G28025 |
| b | 14.10.1976 |
| 902 ## - LOCAL DATA ELEMENT B, LDB (RLIN) | |
| a | E283 M394 |
| 949 ## - LOCAL PROCESSING INFORMATION (OCLC) | |
| -- | VIRTUAITEM |
| -- | 10000 |
| -- | 100 |
| 6 | GXX000028025ENG |
| 942 ## - ADDED ENTRY ELEMENTS (KOHA) | |
| Source of classification or shelving scheme | Dewey Decimal Classification |
| Koha item type | Books |
| Withdrawn status | Lost status | Damaged status | Not for loan | Collection code | Home library | Current library | Shelving location | Date acquired | Total Checkouts | Full call number | Barcode | Date last seen | Price effective from | Koha item type |
|---|---|---|---|---|---|---|---|---|---|---|---|---|---|---|
| New English | National Library of India | National Library of India | New English - Main Stack Division | E283 M394 | GXX000028025ENG | 01/06/2021 | 01/06/2021 | Books |
